000 01181cam a22002415a 4500
001 L159964
008 180412s2018 xxk f 000 0 eng d
035 _a(Sirsi) u159964
041 0 _aeng
110 2 _aMayor of London
245 0 0 _aBetter homes for local people
_b The Mayor's good practice guide to estate regeneraton
_h[electronic resource]
260 _aLondon
_bGLA
_c2018
520 _aSets out best practice guidelines for estate regeneration schemes across London. Key principles recognise that any regeneration schemes which involve the demolition of existing homes should provide an increase in affordable housing, full rights to return or remain for social tenants, and a fair deal for leaseholders and freeholders.
590 _aNTK
650 2 4 _aESTATE REGENERATION
650 2 4 _aSOCIAL HOUSING
651 4 _aLondon
690 _aRefurbishment
_96264
690 _aResidential property
_96266
690 _aAffordable housing
_96215
856 4 0 _uhttps://www.london.gov.uk/sites/default/files/better-homes-for-local-people-the-mayors-good-practice-guide-to-estate-regeneration.pdf
_zView the item free of charge from the www.london.gov.uk
942 _n0
999 _c116171
_d116171